[Event "1991 Armed Forces Ch"]
[Site "?"]
[Date "1991.??.??"]
[Round "12"]
[White "Lankey, B."]
[Black "Lane, P."]
[Result "1-0"]
[WhiteElo "2185"]
[BlackElo "2105"]
[PlyCount "55"]
[EventDate "1991.??.??"]

1. e4 c5 2. Nc3 e6 3. g3 Nc6 4. Bg2 h5 5. Nf3 Nf6 6. d4 cxd4 7. Nxd4 Bb4 8.
Ndb5 a6 9. Nd6+ Kf8 10. O-O h4 11. a3 Bc5 12. Na4 Ba7 13. c4 hxg3 14. hxg3 b5
15. cxb5 axb5 16. Nxb5 Ba6 17. Nxa7 Bxf1 18. Kxf1 Rxa7 19. Be3 Ra8 20. Nb6 Rb8
21. e5 Nd5 22. Nxd5 exd5 23. Bc5+ Kg8 24. b4 Qg5 25. Qxd5 Qf5 26. Rd1 Rh2 27.
Qxd7 Qc2 28. Bxc6 1-0

[Event "1991 Armed Forces Ch"]
[Site "?"]
[Date "1991.??.??"]
[Round "8"]
[White "Langreck, J."]
[Black "Lacno, D."]
[Result "1/2-1/2"]
[WhiteElo "2040"]
[BlackElo "2065"]
[PlyCount "55"]
[EventDate "1991.??.??"]

1. e4 Nf6 2. e5 Nd5 3. d4 d6 4. Nf3 Bg4 5. Be2 e6 6. O-O Be7 7. c4 Nb6 8. Nc3
O-O 9. Be3 Nc6 10. exd6 cxd6 11. d5 Bxf3 12. Bxf3 Ne5 13. dxe6 fxe6 14. Bxb7
Rb8 15. Be4 Nbxc4 16. Bxa7 Rxb2 17. f4 Qa5 18. Bf2 Qxc3 19. Bd4 Qd2 20. Bxb2
Qe3+ 21. Kh1 Qxe4 22. fxe5 Nxb2 23. Rxf8+ Bxf8 24. Qb3 Qxe5 25. Rb1 d5 26. Qxb2
d4 27. Qb8 Qf5 28. Qb5 1/2-1/2

[Event "Air Force ch"]
[Site "?"]
[Date "1987.??.??"]
[Round "8"]
[White "Echaure, S."]
[Black "Lankey, B."]
[Result "0-1"]
[WhiteElo "2110"]
[BlackElo "2205"]
[PlyCount "56"]
[EventDate "1987.??.??"]

1. d4 Nf6 2. c4 e5 3. Nf3 e4 4. Nfd2 c6 5. e3 d5 6. Nc3 Bd6 7. Be2 O-O 8. Qb3
Be7 9. O-O b6 10. f3 exf3 11. Bxf3 Be6 12. a4 Na6 13. cxd5 Nxd5 14. Nxd5 Bxd5
15. Bxd5 Qxd5 16. Qd1 c5 17. Qg4 cxd4 18. exd4 f5 19. Qf4 Nb4 20. Qe5 Qd7 21.
Nf3 Nc2 22. Rb1 Bf6 23. Qb5 Qxb5 24. axb5 Nxd4 25. Nxd4 Bxd4+ 26. Kh1 Rac8 27.
Rd1 Bf6 28. Ra1 Rfd8 0-1

[Event "1991 Armed Forces Ch"]
[Site "?"]
[Date "1991.??.??"]
[Round "2"]
[White "Barcarola, L."]
[Black "Rea, A."]
[Result "1/2-1/2"]
[WhiteElo "2160"]
[BlackElo "2150"]
[PlyCount "56"]
[EventDate "1991.??.??"]

1. d4 Nf6 2. c4 e6 3. Nc3 Bb4 4. e3 c5 5. a3 Bxc3+ 6. bxc3 O-O 7. Nf3 d6 8. Bd3
Nc6 9. O-O e5 10. d5 Ne7 11. e4 Ng6 12. Ne1 Ne8 13. f4 exf4 14. Bxf4 Ne5 15.
Nc2 Bd7 16. Ne3 f6 17. Bg3 Qa5 18. Qd2 b5 19. Bxe5 dxe5 20. cxb5 Bxb5 21. Bxb5
Qxb5 22. c4 Qa6 23. Qd3 Nd6 24. Rab1 Rab8 25. Rfc1 Rb6 26. Nf5 Nxf5 27. Rxb6
Qxb6 28. exf5 Rb8 1/2-1/2

[Event "Air Force ch"]
[Site "?"]
[Date "1992.??.??"]
[Round "4"]
[White "Wilson, M."]
[Black "Barcarola, L."]
[Result "0-1"]
[WhiteElo "1930"]
[BlackElo "2100"]
[PlyCount "58"]
[EventDate "1992.??.??"]

1. e4 c5 2. Nf3 e6 3. d4 cxd4 4. Nxd4 a6 5. Bd3 Qc7 6. Nc3 Nf6 7. O-O d6 8. Nb3
b5 9. Bg5 Be7 10. Bxf6 Bxf6 11. Bxb5+ axb5 12. Nxb5 Qc6 13. Nxd6+ Ke7 14. Nxc8+
Rxc8 15. c3 Qxe4 16. Re1 Qc6 17. Nd4 Bxd4 18. Qxd4 Nd7 19. Rad1 Nf6 20. Qb4+
Ke8 21. Rd6 Qc5 22. Qf4 Ke7 23. Red1 Rxa2 24. Qd2 Nd5 25. Rxd5 Qxd5 26. Qc2
Rxb2 27. Qc1 Qxd1+ 28. Qxd1 Rcb8 29. Qc1 Rb1 0-1

[Event "Air Force ch"]
[Site "?"]
[Date "1989.??.??"]
[Round "3"]
[White "Moore, B."]
[Black "Tate, E."]
[Result "1/2-1/2"]
[WhiteElo "2260"]
[BlackElo "2450"]
[PlyCount "57"]
[EventDate "1989.??.??"]

1. e4 c5 2. d4 cxd4 3. c3 dxc3 4. Nxc3 e6 5. Nf3 Nc6 6. Bc4 a6 7. O-O b5 8. Bb3
Nge7 9. Bg5 h6 10. Be3 Na5 11. Qe2 Ng6 12. Nd4 Bb7 13. f4 Bc5 14. f5 Ne5 15.
fxe6 dxe6 16. Rad1 Qb6 17. Qh5 Nac6 18. Bxe6 g6 19. Bxf7+ Nxf7 20. Qxg6 Nce5
21. Qg7 O-O-O 22. Rxf7 Nxf7 23. Qxf7 Bxd4 24. Qf5+ Kb8 25. Rxd4 Rhf8 26. Qe5+
Qc7 27. Rxd8+ Rxd8 28. Qxc7+ Kxc7 29. Bxh6 1/2-1/2

[Event "Air Force ch"]
[Site "?"]
[Date "1989.??.??"]
[Round "1"]
[White "Moore, B."]
[Black "Burden, J."]
[Result "1-0"]
[WhiteElo "2265"]
[BlackElo "2030"]
[PlyCount "57"]
[EventDate "1989.??.??"]

1. e4 c5 2. d4 cxd4 3. c3 dxc3 4. Nxc3 d6 5. Nf3 Nc6 6. Bc4 e6 7. O-O Nf6 8.
Qe2 Ne5 9. Nxe5 dxe5 10. Rd1 Qa5 11. Bd2 Bb4 12. a3 Bxc3 13. Bxc3 Qc7 14. Bb4
Bd7 15. Rac1 Rc8 16. Rc3 Qb8 17. Bd6 Qa8 18. Bxe5 Bc6 19. Bb5 Bxb5 20. Qxb5+
Rc6 21. Rxc6 bxc6 22. Qb4 a5 23. Qd4 c5 24. Qxc5 Nxe4 25. Qb5+ Kf8 26. Qb6 Ke7
27. Qc7+ Ke8 28. Qd7+ Kf8 29. Qd8+ 1-0

[Event "Air Force ch"]
[Site "?"]
[Date "1987.??.??"]
[Round "1"]
[White "Vitko, G."]
[Black "Swaim, S."]
[Result "1-0"]
[WhiteElo "2185"]
[BlackElo "2095"]
[PlyCount "59"]
[EventDate "1987.??.??"]

1. e4 c5 2. Nf3 d6 3. d4 cxd4 4. Qxd4 Nc6 5. Bb5 Bd7 6. Bxc6 Bxc6 7. c4 Nf6 8.
Nc3 g6 9. O-O Bg7 10. Qd3 O-O 11. Rb1 a6 12. b3 Nd7 13. Bb2 Nc5 14. Qe3 b5 15.
Nd4 Bb7 16. cxb5 axb5 17. Ndxb5 Ba6 18. Rfd1 Bxb5 19. Nxb5 Rxa2 20. Bxg7 Kxg7
21. e5 Qb6 22. Nc3 Ra6 23. exd6 exd6 24. Nd5 Qd8 25. b4 Ne6 26. b5 Ra2 27. Qc3+
f6 28. Nb4 Ra8 29. Qc6 Rb8 30. Rxd6 1-0

[Event "1990 Armed Forces ch"]
[Site "?"]
[Date "1990.??.??"]
[Round "9"]
[White "Murillo, M."]
[Black "Langreck, J."]
[Result "1/2-1/2"]
[WhiteElo "2230"]
[BlackElo "1930"]
[PlyCount "60"]
[EventDate "1990.??.??"]

1. e4 c6 2. d4 d5 3. e5 Bf5 4. Nc3 e6 5. Nce2 c5 6. Ng3 Bg6 7. c3 Nc6 8. a3
cxd4 9. cxd4 Rc8 10. Be3 Nge7 11. h4 h6 12. h5 Bh7 13. Bd3 Bxd3 14. Qxd3 Qb6
15. N1e2 Na5 16. O-O Qb3 17. Nc3 Nec6 18. Qe2 Nc4 19. Rab1 Nxe3 20. fxe3 Be7
21. Nh1 O-O 22. Nf2 Na5 23. Ng4 Bg5 24. Rbe1 Nc4 25. Rb1 Nxa3 26. bxa3 Qxc3 27.
Rxb7 Qxa3 28. Kh2 a5 29. Qb5 Qc3 30. Ra7 Qc4 1/2-1/2

[Event "1991 Armed Forces Ch"]
[Site "?"]
[Date "1991.??.??"]
[Round "6"]
[White "McQueen, R."]
[Black "McMahon, D."]
[Result "1/2-1/2"]
[WhiteElo "1875"]
[BlackElo "2020"]
[PlyCount "60"]
[EventDate "1991.??.??"]

1. Nf3 Nf6 2. c4 e6 3. d4 b6 4. g3 Bb7 5. Bg2 Be7 6. O-O O-O 7. Nc3 d6 8. d5 e5
9. e4 Nbd7 10. Qe2 a5 11. Nh4 Nc5 12. Nf5 Bc8 13. b3 Re8 14. Bh3 Bf8 15. Kg2
Bxf5 16. Bxf5 g6 17. Bg4 Bg7 18. h4 Nxg4 19. Qxg4 Rf8 20. Qe2 f5 21. f3 Qd7 22.
Bd2 Rf7 23. Rf2 Raf8 24. Raf1 h6 25. g4 f4 26. Rh1 Bf6 27. Kf1 Rg7 28. Rg2 Qd8
29. Be1 Be7 30. Bf2 Kf7 1/2-1/2

[Event "Air Force ch"]
[Site "?"]
[Date "1992.??.??"]
[Round "4"]
[White "McCalmont, J."]
[Black "Wilson, E."]
[Result "0-1"]
[WhiteElo "2185"]
[BlackElo "2205"]
[PlyCount "60"]
[EventDate "1992.??.??"]

1. e4 d6 2. d4 g6 3. Nc3 Bg7 4. Be3 a6 5. Bc4 Nf6 6. f3 b5 7. Bb3 Nbd7 8. a4 b4
9. Nd5 a5 10. Nh3 c6 11. Nxf6+ Nxf6 12. Ng5 e6 13. Bc4 d5 14. Bd3 h6 15. Nh3
dxe4 16. fxe4 e5 17. dxe5 Ng4 18. Bc5 Bxe5 19. Qf3 Nxh2 20. Rxh2 Bxh2 21. O-O-O
Bxh3 22. Bc4 Qg5+ 23. Kb1 Be6 24. e5 Rc8 25. Ba6 Qf5 26. Qe3 Rd8 27. Rxd8+ Kxd8
28. Be7+ Kxe7 29. Qc5+ Ke8 30. Bd3 Qxe5 0-1

[Event "1990 Armed Forces ch"]
[Site "?"]
[Date "1990.??.??"]
[Round "9"]
[White "MacArthur, J."]
[Black "Crook, C."]
[Result "0-1"]
[WhiteElo "2175"]
[BlackElo "1980"]
[PlyCount "60"]
[EventDate "1990.??.??"]

1. d4 f5 2. h3 g6 3. Nf3 Bg7 4. Nc3 Nf6 5. Bg5 Ne4 6. Bf4 Nc6 7. e3 Nxc3 8.
bxc3 e6 9. Bd3 O-O 10. g4 fxg4 11. hxg4 d5 12. Qe2 Qe7 13. Qf1 e5 14. Qh3 h5
15. dxe5 Bxg4 16. Qg3 Bxf3 17. Qxf3 Qe6 18. Qh3 Qxh3 19. Rxh3 Bxe5 20. O-O-O
Bxf4 21. exf4 Ne7 22. Rg1 Rxf4 23. Bxg6 Rg4 24. Rhg3 Nxg6 25. Rxg4 hxg4 26.
Rxg4 Kf7 27. Kd2 Re8 28. f3 Kf6 29. Rd4 c6 30. c4 Ne5 0-1

[Event "Air Force ch"]
[Site "?"]
[Date "1989.??.??"]
[Round "8"]
[White "Lankey, B."]
[Black "Burden, J."]
[Result "1/2-1/2"]
[WhiteElo "2030"]
[BlackElo "2230"]
[PlyCount "60"]
[EventDate "1989.??.??"]

1. e4 c5 2. d4 e6 3. Nf3 cxd4 4. c3 dxc3 5. Nxc3 Bb4 6. Qd4 Bxc3+ 7. Qxc3 Nf6
8. Bg5 O-O 9. Bd3 d6 10. Rd1 e5 11. O-O Bg4 12. Bb1 Nc6 13. Qa3 Nd4 14. Nxd4
Bxd1 15. Rxd1 exd4 16. Qh3 Qd7 17. Qd3 Rfe8 18. Bxf6 gxf6 19. Qxd4 Re6 20. a3
Rae8 21. f4 d5 22. Qxd5 Qxd5 23. Rxd5 Rb6 24. Rd2 f5 25. e5 f6 26. e6 Rbxe6 27.
Ba2 Kf8 28. Bxe6 Rxe6 29. Rd7 Re7 30. Rd8+ Kf7 1/2-1/2

[Event "Air Force ch"]
[Site "?"]
[Date "1989.??.??"]
[Round "6"]
[White "Lank, J."]
[Black "Burden, J."]
[Result "1-0"]
[WhiteElo "2175"]
[BlackElo "2030"]
[PlyCount "59"]
[EventDate "1989.??.??"]

1. e4 c5 2. Nf3 d6 3. d4 cxd4 4. Nxd4 Nf6 5. Bc4 e6 6. Nc3 a6 7. Bb3 Be7 8. g4
O-O 9. g5 Ne8 10. Rg1 g6 11. Be3 Nc6 12. Qe2 Ng7 13. O-O-O e5 14. Nf3 Be6 15.
Nd5 Bxd5 16. Bxd5 Qc7 17. Kb1 Rac8 18. c3 b5 19. Rc1 Ne6 20. h4 Ng7 21. Nh2 Nh5
22. Ng4 Kg7 23. Rgf1 f5 24. gxf6+ Rxf6 25. Nxf6 Bxf6 26. Rg1 Nf4 27. Qg4 Nxd5
28. exd5 Ne7 29. Qe6 Nf5 30. Qxf5 1-0

[Event "1991 Armed Forces Ch"]
[Site "?"]
[Date "1991.??.??"]
[Round "9"]
[White "Langreck, J."]
[Black "Waldowski, P."]
[Result "1-0"]
[WhiteElo "2040"]
[BlackElo "2180"]
[PlyCount "59"]
[EventDate "1991.??.??"]

1. e4 c5 2. Nf3 Nf6 3. e5 Nd5 4. Nc3 e6 5. Nxd5 exd5 6. d4 Nc6 7. dxc5 Bxc5 8.
Bd3 d6 9. exd6 Qxd6 10. h3 h6 11. c3 O-O 12. O-O a5 13. Bc2 Rd8 14. Qd3 Qf6 15.
Be3 b6 16. Rfe1 Be6 17. Rad1 Rac8 18. Nd4 g6 19. Nxc6 Rxc6 20. Bd4 Qh4 21. Qe3
Bd6 22. Ba4 Rcc8 23. Qf3 Bf5 24. Bb5 Rb8 25. Bd3 Bxd3 26. Rxd3 Re8 27. Rde3
Rxe3 28. Rxe3 b5 29. g3 Qxh3 $4 30. Qf6 1-0

[Event "1991 Armed Forces Ch"]
[Site "?"]
[Date "1991.??.??"]
[Round "1"]
[White "Hughes, A."]
[Black "Barcarola, L."]
[Result "1-0"]
[WhiteElo "2090"]
[BlackElo "2160"]
[PlyCount "59"]
[EventDate "1991.??.??"]

1. e4 c5 2. c3 d5 3. exd5 Qxd5 4. d4 cxd4 5. cxd4 Nc6 6. Nf3 Bg4 7. Nc3 Qh5 8.
Be2 e6 9. h3 Nf6 10. Qb3 Bb4 11. a3 Bxc3+ 12. bxc3 Bxf3 13. Bxf3 Qa5 14. O-O
Qc7 15. Rb1 b6 16. Qa4 Rc8 17. Bf4 Qd7 18. Qb5 O-O 19. Qg5 Nd5 20. Bd2 Na5 21.
Rfd1 Nxc3 22. Bxc3 Rxc3 23. d5 Rxa3 24. d6 f6 25. Qc1 Ra2 26. Qc7 Qxc7 27. dxc7
Rc2 28. Rbc1 Rxc1 29. Rxc1 Rc8 30. Be2 1-0

[Event "Air Force ch"]
[Site "?"]
[Date "1988.??.??"]
[Round "5"]
[White "Waldowski, P."]
[Black "Moore, B."]
[Result "0-1"]
[WhiteElo "2120"]
[BlackElo "2270"]
[PlyCount "62"]
[EventDate "1988.??.??"]

1. e4 c5 2. c3 d6 3. d4 Nf6 4. dxc5 Nc6 5. Qc2 d5 6. Nd2 e5 7. exd5 Qxd5 8.
Ngf3 e4 9. Bc4 Qxc5 10. b4 Qf5 11. Nh4 Qh5 12. g3 b5 13. Be2 Qe5 14. Bb2 Bb7
15. O-O Rc8 16. Qb1 Be7 17. Nb3 O-O 18. Nd4 Nxd4 19. cxd4 Qd5 20. a3 a6 21. f3
Rfe8 22. Ng2 Bd8 23. Nf4 Qb3 24. Bc1 Qxb1 25. Rxb1 Bb6 26. Bb2 Rc2 27. Kh1 g5
28. Bd1 Rxb2 29. Rxb2 gxf4 30. fxe4 Bxd4 31. Rg2 Bxe4 0-1

[Event "Air Force ch"]
[Site "?"]
[Date "1988.??.??"]
[Round "9"]
[White "Moore, B."]
[Black "Tate, E."]
[Result "0-1"]
[WhiteElo "2270"]
[BlackElo "2400"]
[PlyCount "62"]
[EventDate "1988.??.??"]

1. e4 c5 2. Nf3 d6 3. d4 cxd4 4. Nxd4 Nf6 5. Nc3 a6 6. f4 Nbd7 7. a4 b6 8. Bc4
Bb7 9. Qe2 Qc7 10. O-O g6 11. e5 dxe5 12. Nf3 exf4 13. Bxf7+ Kxf7 14. Ng5+ Ke8
15. Bxf4 e5 16. Rae1 Bd6 17. Qd3 b5 18. axb5 Rc8 19. Qh3 Qc4 20. bxa6 Bxa6 21.
b3 Qd4+ 22. Kh1 Rxc3 23. Qe6+ Kd8 24. Bxe5 Bxe5 25. Qxa6 Re8 26. Rd1 Qe3 27.
Nf7+ Ke7 28. Nxe5 Qxe5 29. Rfe1 Re3 30. Rxe3 Qxe3 31. Qd6+ Kf7 0-1

[Event "Air Force ch"]
[Site "?"]
[Date "1987.??.??"]
[Round "6"]
[White "Moore, B."]
[Black "Hill, L."]
[Result "1-0"]
[WhiteElo "2275"]
[BlackElo "2155"]
[PlyCount "61"]
[EventDate "1987.??.??"]

1. e4 c5 2. d4 cxd4 3. c3 dxc3 4. Nxc3 Nc6 5. Nf3 d6 6. Bc4 Be6 7. Bxe6 fxe6 8.
Be3 Nf6 9. Qb3 Qd7 10. Ng5 Nd8 11. Rc1 h6 12. Nb5 Rc8 13. Rxc8 Qxc8 14. Nxa7
Qd7 15. Nf3 Nxe4 16. Qc2 Nf6 17. Qg6+ Nf7 18. O-O b6 19. Bxb6 Qb7 20. Be3 Qxb2
21. Rc1 Qe2 22. h3 e5 23. Rc8+ Kd7 24. Qxf7 Qd1+ 25. Kh2 h5 26. Rxf8 Rxf8 27.
Qxf8 Qc2 28. Ng5 h4 29. Qb8 Qc4 30. Qb7+ Ke8 31. Nc6 1-0

[Event "Air Force ch"]
[Site "?"]
[Date "1988.??.??"]
[Round "11"]
[White "Moore, B."]
[Black "Forsythe, S."]
[Result "1-0"]
[WhiteElo "2270"]
[BlackElo "1990"]
[PlyCount "61"]
[EventDate "1988.??.??"]

1. e4 d5 2. exd5 Nf6 3. c4 c6 4. d4 cxd5 5. Nc3 g6 6. cxd5 Bg7 7. Bc4 O-O 8.
Nge2 Nbd7 9. Nf4 Nb6 10. Bb3 Bf5 11. O-O Re8 12. h3 Qd7 13. Re1 h5 14. a4 a5
15. Be3 Rac8 16. Qe2 Kf8 17. Rac1 Ne4 18. Nb5 Rxc1 19. Bxc1 Rc8 20. g4 hxg4 21.
hxg4 Bxg4 22. Qxe4 Bf5 23. Qe2 Bg4 24. Ne6+ Qxe6 25. Qxe6 fxe6 26. dxe6 Bf3 27.
Bd2 Bf6 28. Bxa5 Kg7 29. Re3 Bc6 30. Bxb6 Rh8 31. d5 1-0

[Event "1991 Armed Forces Ch"]
[Site "?"]
[Date "1991.??.??"]
[Round "2"]
[White "McQueen, R."]
[Black "Murillo, M."]
[Result "0-1"]
[WhiteElo "1875"]
[BlackElo "2205"]
[PlyCount "62"]
[EventDate "1991.??.??"]

1. c4 g6 2. d4 Bg7 3. Nc3 d6 4. g3 Nf6 5. Bg2 O-O 6. e4 Nc6 7. Nge2 e5 8. d5
Ne7 9. h3 Nd7 10. Be3 f5 11. Qd2 a6 12. h4 Nf6 13. f3 Bd7 14. Bg5 b5 15. b3
bxc4 16. bxc4 Rb8 17. Rc1 fxe4 18. f4 e3 19. Qxe3 Ng4 20. Qd3 Rb2 21. O-O Qe8
22. Bxe7 Qxe7 23. Rce1 Qd8 24. Be4 Qb8 25. c5 Qa7 26. Kh1 Qxc5 27. Qxa6 exf4
28. Na4 Bxa4 29. Qxa4 Nf2+ 30. Kh2 fxg3+ 31. Kxg3 Qe3+ 0-1

[Event "1990 Armed Forces ch"]
[Site "?"]
[Date "1990.??.??"]
[Round "1"]
[White "Langreck, J."]
[Black "Teraoka, L."]
[Result "1/2-1/2"]
[WhiteElo "1925"]
[BlackElo "2210"]
[PlyCount "61"]
[EventDate "1990.??.??"]

1. c4 Nf6 2. Nf3 g6 3. g3 Bg7 4. Bg2 O-O 5. O-O d6 6. Nc3 c6 7. d4 Qa5 8. Qd2
Nbd7 9. Nd5 Qd8 10. Nxf6+ Nxf6 11. Ng5 Bd7 12. b3 Qb6 13. e3 a5 14. Ne4 Rfd8
15. Nxf6+ Bxf6 16. Bb2 Qa6 17. Rfc1 c5 18. dxc5 dxc5 19. Bxf6 Qxf6 20. Qe2 Bc6
21. Rd1 Kg7 22. Rab1 a4 23. Rxd8 Rxd8 24. bxa4 Ra8 25. Bxc6 Qxc6 26. Rb2 Rxa4
27. Qc2 f6 28. Rxb7 Kf7 29. Qb3 Qa6 30. Qb5 Rxa2 31. Rb8 1/2-1/2

[Event "1990 Armed Forces ch"]
[Site "?"]
[Date "1990.??.??"]
[Round "3"]
[White "Langreck, J."]
[Black "Murillo, M."]
[Result "0-1"]
[WhiteElo "1930"]
[BlackElo "2230"]
[PlyCount "62"]
[EventDate "1990.??.??"]

1. c4 Nf6 2. Nf3 g6 3. b3 Bg7 4. Bb2 O-O 5. g3 c6 6. Bg2 d5 7. O-O Nbd7 8. d3
Re8 9. Qc2 e5 10. e4 d4 11. Bh3 Nf8 12. Bxc8 Qxc8 13. Nh4 Nh5 14. Bc1 Qh3 15.
f3 Ne6 16. Qg2 Qxg2+ 17. Nxg2 a5 18. g4 Nhf4 19. Nxf4 exf4 20. Kf2 b5 21. Ke2
a4 22. bxa4 bxc4 23. Nd2 cxd3+ 24. Kxd3 Rxa4 25. Bb2 Rb8 26. Rfb1 Rba8 27. a3
Bf8 28. Ra2 Bxa3 29. Rba1 Bxb2 30. Rxa4 Rxa4 31. Rxa4 Nc5+ 0-1

[Event "1991 Armed Forces Ch"]
[Site "?"]
[Date "1991.??.??"]
[Round "11"]
[White "Lane, P."]
[Black "Moore, B."]
[Result "0-1"]
[WhiteElo "2105"]
[BlackElo "2275"]
[PlyCount "62"]
[EventDate "1991.??.??"]

1. e4 c5 2. Nf3 d6 3. d4 cxd4 4. Nxd4 Nf6 5. Nc3 a6 6. Bg5 e6 7. f4 Nc6 8. Nb3
Be7 9. Qd2 h6 10. Bxf6 Bxf6 11. O-O-O Be7 12. Kb1 b5 13. g3 Bb7 14. Bg2 Qc7 15.
f5 Ne5 16. fxe6 fxe6 17. Nd4 Nc4 18. Qe2 O-O 19. Nxe6 Qa5 20. Nxf8 Qb4 21. Na4
Rxf8 22. c3 Qxa4 23. Rhf1 Rxf1 24. Rxf1 Bg5 25. Rd1 Qa5 26. Qg4 Qc7 27. h4 Bf6
28. Qe2 Qe7 29. Qd3 Qe5 30. Rf1 Bxe4 31. Bxe4 Qxe4 0-1

[Event "1991 Armed Forces Ch"]
[Site "?"]
[Date "1991.??.??"]
[Round "6"]
[White "Lacno, D."]
[Black "Moore, B."]
[Result "1/2-1/2"]
[WhiteElo "2065"]
[BlackElo "2275"]
[PlyCount "62"]
[EventDate "1991.??.??"]

1. e4 c5 2. Nf3 d6 3. d4 cxd4 4. Nxd4 Nf6 5. Nc3 a6 6. Bc4 e6 7. Be3 b5 8. Bb3
Be7 9. O-O O-O 10. f3 b4 11. Nce2 d5 12. e5 Nfd7 13. f4 Nc5 14. c3 Nxb3 15.
Nxb3 bxc3 16. bxc3 Nc6 17. Ned4 Qc7 18. Rf3 f6 19. Nxc6 Qxc6 20. Bd4 a5 21. Rh3
a4 22. exf6 Bxf6 23. Qd3 axb3 24. Qxh7+ Kf7 25. Bxf6 Kxf6 26. Rg3 Qc5+ 27. Kh1
Ke7 28. Rxg7+ Kd8 $2 29. Qh4+ Ke8 30. Qh5+ Kd8 31. Qg5+ Ke8 1/2-1/2

[Event "1991 Armed Forces Ch"]
[Site "?"]
[Date "1991.??.??"]
[Round "9"]
[White "Hampel, R."]
[Black "Lacno, D."]
[Result "0-1"]
[WhiteElo "2135"]
[BlackElo "2065"]
[PlyCount "62"]
[EventDate "1991.??.??"]

1. e4 d6 2. d4 g6 3. Nc3 Bg7 4. Nf3 Nf6 5. Bf4 Nh5 6. Be3 O-O 7. Qd2 Nd7 8. Bh6
c6 9. O-O-O b5 10. Bxg7 Kxg7 11. e5 f5 12. Ng5 Nb6 13. f4 h6 14. Nh3 b4 15. Ne2
a5 16. Nf2 Be6 17. Kb1 Nc4 18. Qc1 a4 19. b3 axb3 20. cxb3 Qa5 21. Rd2 Nxd2+
22. Qxd2 Bxb3 23. Nc1 Bd5 24. Qb2 b3 25. axb3 Rfb8 26. Nfd3 Ra7 27. Be2 Be4 28.
Rf1 Kh7 29. g4 fxg4 30. Bxg4 Ng7 31. Qe2 Qc3 0-1

[Event "1991 Armed Forces Ch"]
[Site "?"]
[Date "1991.??.??"]
[Round "12"]
[White "Crook, C."]
[Black "Barcarola, L."]
[Result "1-0"]
[WhiteElo "2120"]
[BlackElo "2160"]
[PlyCount "61"]
[EventDate "1991.??.??"]

1. f4 Nf6 2. Nf3 g6 3. g3 Bg7 4. Bg2 O-O 5. O-O d5 6. d3 c5 7. Nc3 Nc6 8. Bd2
a6 9. a4 e6 10. e4 d4 11. Nb1 e5 12. Na3 Be6 13. b3 Nd7 14. Ng5 h6 15. Nxe6
fxe6 16. Qg4 Qe8 17. Bh3 Nd8 18. Nc4 Kh7 19. Kh1 Qe7 20. a5 h5 21. Qe2 Nc6 22.
f5 exf5 23. exf5 Bh6 24. fxg6+ Kxg6 25. Bxh6 Kxh6 26. Bxd7 Qxd7 27. Nb6 Qe6 28.
Nxa8 Rxa8 29. Rf3 Ne7 30. Raf1 Nd5 31. Rf5 1-0

[Event "1990 Armed Forces ch"]
[Site "?"]
[Date "1990.??.??"]
[Round "4"]
[White "Rivera, N."]
[Black "Langreck, J."]
[Result "1-0"]
[WhiteElo "2145"]
[BlackElo "1930"]
[PlyCount "63"]
[EventDate "1990.??.??"]

1. d4 d5 2. Nf3 Nf6 3. e3 e6 4. Bd3 Be7 5. O-O O-O 6. Nbd2 c5 7. c3 b6 8. Re1
Qc7 9. Ne5 Nc6 10. f4 Nd7 11. Qh5 f5 12. Nxd7 Bxd7 13. g4 g6 14. Qh6 fxg4 15.
Bxg6 hxg6 16. Qxg6+ Kh8 17. Qh5+ Kg7 18. Qxg4+ Kf7 19. Qh5+ Kf6 20. Qh6+ Kf7
21. Qh5+ Kf6 22. e4 Rg8+ 23. Kh1 Rg6 24. Qh7 Rg7 25. e5+ Kf7 26. Qh5+ Kg8 27.
Nf3 Rf8 28. Be3 Be8 29. Qh6 Rg6 30. Rg1 Bg5 31. Rxg5 Rxg5 32. Nxg5 1-0

[Event "1990 Armed Forces ch"]
[Site "?"]
[Date "1990.??.??"]
[Round "2"]
[White "MacArthur, J."]
[Black "Highley, E."]
[Result "1-0"]
[WhiteElo "2175"]
[BlackElo "1750"]
[PlyCount "63"]
[EventDate "1990.??.??"]

1. e4 c5 2. Nf3 d6 3. d4 cxd4 4. Nxd4 Nf6 5. Nc3 a6 6. Bg5 e6 7. f4 Be7 8. Qf3
Qc7 9. O-O-O Nbd7 10. g4 b5 11. Bxf6 Nxf6 12. g5 Nd7 13. f5 Bxg5+ 14. Kb1 Ne5
15. Qh5 Qe7 16. Rg1 h6 17. fxe6 g6 18. exf7+ Kxf7 19. Qe2 Kg7 20. Nd5 Qd8 21.
Nf3 Bg4 22. Rxg4 Nxg4 23. Nd4 Qd7 24. Nb6 Qb7 25. Nxa8 Ne5 26. Nc7 Rc8 27.
Nce6+ Kh7 28. Nxg5+ hxg5 29. Ne6 Qc6 30. Nxg5+ Kg8 31. Bh3 Rc7 32. Be6+ 1-0

[Event "Air Force ch"]
[Site "?"]
[Date "1987.??.??"]
[Round "9"]
[White "Lank, J."]
[Black "McCalmont, J."]
[Result "*"]
[WhiteElo "2140"]
[BlackElo "2155"]
[PlyCount "64"]
[EventDate "1987.??.??"]

1. c4 Nf6 2. g3 c6 3. b3 d5 4. Bb2 Bf5 5. Bg2 e6 6. Nf3 Nbd7 7. d3 Be7 8. O-O
h6 9. Nbd2 O-O 10. a3 a5 11. Qc2 Qb8 12. Bc3 e5 13. Rfc1 Bc5 14. b4 Bxf2+ 15.
Kxf2 Ng4+ 16. Kg1 Qa7+ 17. c5 Nxc5 18. bxc5 Qxc5+ 19. Bd4 Qxc2 20. Rxc2 exd4
21. Nxd4 Ne3 22. Rb2 Bc8 23. Bf3 a4 24. Nf1 Nxf1 25. Kxf1 Rd8 26. Nc2 Rb8 27.
Nb4 Kf8 28. Kf2 Be6 29. Rab1 Rbc8 30. Nc2 b5 31. Nd4 Ke7 32. Rc1 Kd6 *

[Event "1990 Armed Forces ch"]
[Site "?"]
[Date "1990.??.??"]
[Round "8"]
[White "Langreck, J."]
[Black "Balares, J."]
[Result "1/2-1/2"]
[WhiteElo "1930"]
[BlackElo "2155"]
[PlyCount "63"]
[EventDate "1990.??.??"]

1. c4 e5 2. Nc3 d6 3. d4 exd4 4. Qxd4 Nc6 5. Qd2 Nf6 6. Nf3 Be7 7. g3 Be6 8. b3
h6 9. Bg2 O-O 10. O-O Qd7 11. Nd4 Nxd4 12. Qxd4 c6 13. Rd1 Rfd8 14. Bb2 Ne8 15.
e3 f5 16. e4 Bf6 17. Qd2 Qf7 18. exf5 Bxf5 19. Ne2 Rd7 20. Bxf6 Nxf6 21. Nc3
Rf8 22. Re1 Qg6 23. Qd4 a6 24. Ne4 Ne8 25. Nd2 Rdf7 26. f4 Kh8 27. Nf3 Bg4 28.
Nh4 Qf6 29. Qd3 Bh5 30. Be4 g5 31. Ng6+ Bxg6 32. Bxg6 1/2-1/2

[Event "1991 AFCC Playoff (G1,G/30)"]
[Site "?"]
[Date "1991.??.??"]
[Round "?"]
[White "Lacno, D."]
[Black "Moore, B."]
[Result "1/2-1/2"]
[WhiteElo "2065"]
[BlackElo "2280"]
[PlyCount "64"]
[EventDate "1991.??.??"]

1. e4 c5 2. Nf3 d6 3. d4 cxd4 4. Nxd4 Nf6 5. Nc3 a6 6. Be3 e5 7. Nf3 b5 8. a3
Be7 9. Be2 Nbd7 10. O-O O-O 11. Bg5 Bb7 12. Nd2 d5 13. exd5 Nxd5 14. Bxe7 Qxe7
15. Nxd5 Bxd5 16. Bf3 Nf6 17. Re1 Rad8 18. Qe2 Rfe8 19. Be4 Nxe4 20. Nxe4 f5
21. Ng3 g6 22. b3 Qg5 23. a4 b4 24. Rad1 e4 25. Qxa6 f4 26. h4 Qxh4 27. Nxe4
Bxe4 28. Rxd8 Qxd8 29. Qc4+ Kg7 30. Rxe4 Qd1+ 31. Kh2 Qh5+ 32. Kg1 Qd1+ 1/2-1/2

[Event "1991 Armed Forces Ch"]
[Site "?"]
[Date "1991.??.??"]
[Round "7"]
[White "Lacno, D."]
[Black "McCalmont, J."]
[Result "1-0"]
[WhiteElo "2065"]
[BlackElo "2140"]
[PlyCount "63"]
[EventDate "1991.??.??"]

1. e4 c5 2. Nf3 e6 3. d4 cxd4 4. Nxd4 a6 5. Nc3 Qc7 6. g3 Nc6 7. Be3 Nf6 8. Bg2
Be7 9. O-O O-O 10. Qe2 d6 11. a4 Bd7 12. a5 Nxa5 13. Kh1 Nc4 14. Bc1 Rad8 15.
b3 Ne5 16. Bb2 Nc6 17. Nxc6 Bxc6 18. Na4 d5 19. e5 Ne4 20. Bd4 Bxa4 21. bxa4
Bc5 22. Bxe4 Bxd4 23. Bxh7+ Kxh7 24. Qd3+ Kg8 25. Qxd4 Rc8 26. Rab1 Qxc2 27.
Rxb7 Rc4 28. Qa7 Rxa4 29. Rb8 Qe4+ 30. Kg1 Qxe5 31. Rxf8+ Kxf8 32. Qd7 1-0

[Event "1990 Armed Forces ch"]
[Site "?"]
[Date "1990.??.??"]
[Round "3"]
[White "Highley, E."]
[Black "Teraoka, L."]
[Result "0-1"]
[WhiteElo "1755"]
[BlackElo "2210"]
[PlyCount "64"]
[EventDate "1990.??.??"]

1. e4 d6 2. d4 g6 3. c4 Bg7 4. Nc3 Nf6 5. f3 b6 6. Be3 c5 7. d5 Nbd7 8. Rc1 O-O
9. Bd3 a6 10. Nge2 Ne5 11. O-O Bd7 12. a4 Rb8 13. Ng3 Qe8 14. b3 e6 15. Be2
exd5 16. Nxd5 Nxd5 17. Qxd5 Nc6 18. Qxd6 Nd4 19. Bd1 Be5 20. Qxf8+ Qxf8 21. Ne2
Bc6 22. Nxd4 Bxd4 23. Bxd4 cxd4 24. Be2 Qh6 25. f4 Bxe4 26. Rcd1 Rd8 27. Bd3 f5
28. g3 Qf8 29. Rfe1 Re8 30. Bxe4 Rxe4 31. Rxe4 fxe4 32. Rxd4 Qc5 0-1